The jungle : (Record no. 10446)
[ view plain ]
| 000 -LEADER | |
|---|---|
| fixed length control field | 00721nam a22002657a 4500 |
| 001 - CONTROL NUMBER | |
| JCCL Control Number | 10446 |
| 003 - CONTROL NUMBER IDENTIFIER | |
| JCCL marc code | BD-JhCC |
| 005 - DATE AND TIME OF LATEST TRANSACTION | |
| control field | 20180520103835.0 |
| 008 - FIXED-LENGTH DATA ELEMENTS--GENERAL INFORMATION | |
| fixed length control field | 180428b1970 AS ||||| |||| 00| 0 eng d |
| 020 ## - INTERNATIONAL STANDARD BOOK NUMBER | |
| International Standard Book Number | 08220006995 |
| 035 ## - SYSTEM CONTROL NUMBER | |
| system control number | (BD-JhCC)10446 |
| 040 ## - CATALOGING SOURCE | |
| Original cataloging agency | BD-JhCC |
| Modifying agency | BD-JhCC |
| 041 ## - LANGUAGE CODE | |
| Language code of Book | eng |
| 082 ## - DEWEY DECIMAL CLASSIFICATION NUMBER | |
| Classification number | 813.52 |
| Author mark and Year | THO 1970 |
| 100 ## - MAIN ENTRY--PERSONAL NAME | |
| Personal name | Thompson Frank H. |
| 245 ## - TITLE STATEMENT | |
| Title | The jungle : |
| Remainder of title | Sinclair, Upton, 1878-1968 notes / |
| Statement of responsibility, etc | Frank H. Thompson |
| 260 ## - PUBLICATION, DISTRIBUTION, ETC. (IMPRINT) | |
| Place of publication, distribution, etc | Lincoln : |
| Name of publisher, distributor, etc | Nebraska : Cliff's Notes, |
| Date of publication, distribution, etc | 1970. |
| 300 ## - PHYSICAL DESCRIPTION | |
| Pagination | 98 p. : |
| Dimensions | 21 cm. |
| 650 ## - SUBJECT ADDED ENTRY--TOPICAL TERM | |
| Topical term or geographic name as entry element | Illinois--Chicago |
| 650 ## - SUBJECT ADDED ENTRY--TOPICAL TERM | |
| Topical term or geographic name as entry element | Stockyards |
| 650 ## - SUBJECT ADDED ENTRY--TOPICAL TERM | |
| Topical term or geographic name as entry element | Lithuanian Americans |
| 650 ## - SUBJECT ADDED ENTRY--TOPICAL TERM | |
| Topical term or geographic name as entry element | Jungle (Sinclair, Upton) |
| 942 ## - ADDED ENTRY ELEMENTS (KOHA) | |
| Source of classification or shelving scheme | Dewey Decimal Classification |
| Koha item type | Reference |
| Source of classification or shelving scheme | Damaged status | Not for loan | Home library | Current library | Shelving location | Date of accession | Total Checkouts | Full call number | Barcode | Date last seen | Copy number | Koha item type |
|---|---|---|---|---|---|---|---|---|---|---|---|---|
| Dewey Decimal Classification | JCC Rouf Library | JCC Rouf Library | General Stacks | 04/28/2018 | 813.52 THO 1970 | 14000 | 04/28/2018 | C-1 | Reference | |||
| Dewey Decimal Classification | JCC Rouf Library | JCC Rouf Library | General Stacks | 04/28/2018 | 813.52 THO 1970 | 13999 | 04/28/2018 | C-2 | Reference | |||
| Dewey Decimal Classification | JCC Rouf Library | JCC Rouf Library | General Stacks | 04/28/2018 | 813.52 THO 1970 | 13998 | 04/28/2018 | C-3 | Reference | |||
| Dewey Decimal Classification | JCC Rouf Library | JCC Rouf Library | General Stacks | 04/28/2018 | 813.52 THO 1970 | 13997 | 04/28/2018 | C-4 | Reference | |||
| Dewey Decimal Classification | JCC Rouf Library | JCC Rouf Library | General Stacks | 04/28/2018 | 813.52 THO 1970 | 13996 | 04/28/2018 | C-5 | Reference | |||
| Dewey Decimal Classification | JCC Rouf Library | JCC Rouf Library | General Stacks | 04/28/2018 | 813.52 THO 1970 | 13995 | 04/28/2018 | C-6 | Reference | |||
| Dewey Decimal Classification | JCC Rouf Library | JCC Rouf Library | General Stacks | 04/28/2018 | 813.52 THO 1970 | 13994 | 04/28/2018 | C-7 | Reference | |||
| Dewey Decimal Classification | JCC Rouf Library | JCC Rouf Library | General Stacks | 04/28/2018 | 813.52 THO 1970 | 13993 | 04/28/2018 | C-8 | Reference | |||
| Dewey Decimal Classification | JCC Rouf Library | JCC Rouf Library | General Stacks | 04/28/2018 | 813.52 THO 1970 | 13992 | 04/28/2018 | C-9 | Reference | |||
| Dewey Decimal Classification | JCC Rouf Library | JCC Rouf Library | General Stacks | 04/28/2018 | 813.52 THO 1970 | 13991 | 04/28/2018 | C-10 | Reference |